[Event "Fagernes GM-A 2019"]
[Site "Fagernes"]
[Date "2019.04.16"]
[Round "3.10"]
[White "Santarius, Erik"]
[Black "Royset, Pal"]
[Result "1-0"]
[WhiteElo "2411"]
[BlackElo "2167"]
[Annotator "TA"]
[PlyCount "133"]
[EventDate "2019.04.14"]
[EventType "tourn"]
[EventCountry "NOR"]
[SourceTitle "playchess.com"]
[Source "ChessBase"]
[SourceQuality "1"]

{[%evp 16,133,15,13,20,16,15,10,22,0,24,8,23,27,14,16,44,40,50,16,16,4,4,7,4,0,6,5,8,0,6,0,0,0,0,-14,-7,-11,0,0,0,0,15,0,3,0,0,0,14,14,16,15,21,14,14,14,14,14,18,30,31,14,14,14,14,14,14,14,14,0,0,0,0,0,0,0,0,0,0,0,0,-18,0,0,0,0,0,0,63,63,64,6,57,57,60,62,1511,1496,1488,1543,1549,1544,1419,1419,1175,1248,947,436,906,933,2311,2168,29972,29973,29973,29974,29974,29975,29975,29976]} 1. d4 Nf6 2. g3 d5 3. Bg2 e6 4. Nf3 Bb4+ 5. c3 Be7 6. O-O O-O 7. c4 c6 8. Nc3 b6 9. Bf4 Bb7 {E06: Closed Catalan: Early deviations} 10. Rc1 Nh5 11. Bxb8 Qxb8 {The position is equal.} 12. e4 $146 ({Predecessor:} 12. Ne5 Nf6 13. e3 Rc8 14. g4 dxc4 15. g5 Ne8 16. Qh5 g6 17. Qh4 {0-1 (37) Leko,P (2749)-Aronian,L (2744) Monte Carlo 2007}) 12... Nf6 13. Ne5 dxc4 14. Nxc4 Rd8 15. e5 Ne8 16. Qg4 c5 17. Bxb7 Qxb7 18. dxc5 Bxc5 19. Ne4 Be7 20. Qf3 {[#] And now Nf6+! would win.} Rd7 21. Kg2 Rad8 22. Rfe1 Qa8 23. a4 Rd4 24. b3 Qd5 25. Re3 h6 26. h4 Rb8 27. Nc3 Qxf3+ 28. Kxf3 h5 29. Ne2 Rd7 30. Nf4 g6 31. Rd3 Rxd3+ 32. Nxd3 Rd8 33. Ke2 Rd7 34. Ne3 Nc7 35. Rc6 Na6 {[#] ...Rxd3! is the strong threat.} 36. Nc2 Nc5 37. Nxc5 Bxc5 $11 {[%mdl 4096] Endgame KRB-KRN} 38. b4 Be7 39. f4 Kf8 40. Rc8+ Kg7 41. Rc4 a5 42. bxa5 bxa5 43. Nd4 Bb4 44. Nf3 Kf8 45. Rc2 Ke7 46. Ng5 Kd8 47. Ke3 Be1 48. Ne4 Bb4 49. Rc6 Rd1 50. Ra6 Ke7 51. Nf6 {White wants to play Ra7+.} Rd8 ({Black should try} 51... Kd8 $11) 52. Ra7+ $14 Kf8 {White must now prevent ...Bc5+.} 53. Rc7 (53. Ne4 $14) 53... Ra8 (53... Be7 $11) 54. Ne4 Kg8 55. Nd6 Ra7 $2 {[%mdl 8192]} (55... Be1 $14) 56. Rxa7 $18 Bc5+ 57. Kf3 Bxa7 {KB-KN} 58. Nc4 Kf8 59. Nxa5 Ke8 60. Nc4 Kd7 61. Nd2 (61. a5 $142 Kc6 62. a6) 61... Bd4 (61... Bb6 $142 62. Nc4 Bc5) 62. a5 {[%cal Ba4a5,Ba5a6][%mdl 32]} f6 63. Nb3 Ba7 64. exf6 {White mates.} Ke8 65. a6 Kf7 66. Na5 Kxf6 67. Nc6 {Accuracy: White = 68%, Black = 55%.} 1-0

[Event "Fagernes GM-A 2019"]
[Site "Fagernes"]
[Date "2019.04.16"]
[Round "3.11"]
[White "Vitenberg, Noam Aviv"]
[Black "Mihajlov, Sebastian"]
[Result "1/2-1/2"]
[WhiteElo "2203"]
[BlackElo "2361"]
[Annotator "TA"]
[PlyCount "91"]
[EventDate "2019.04.14"]
[EventType "tourn"]
[EventCountry "NOR"]
[SourceTitle "playchess.com"]
[Source "ChessBase"]
[SourceQuality "1"]

{[%evp 23,91,8,20,22,29,22,30,31,22,20,37,11,0,0,0,0,0,0,0,0,18,18,20,17,20,10,19,16,20,10,10,10,19,14,15,14,18,4,6,0,0,0,0,0,0,-5,0,0,0,0,0,0,0,0,0,0,0,0,0,0,0,0,0,0,8,8,19,0,0,0]} 1. d4 Nf6 2. c4 g6 3. Nc3 Bg7 4. e4 d6 5. Nf3 O-O 6. Be2 e5 7. dxe5 dxe5 8. Qxd8 Rxd8 9. Bg5 c6 10. Nxe5 Re8 11. O-O-O Na6 {[%cal Bb8a6,Ba6c5,Bc5a4][%mdl 32]} ({Predecessor:} 11... h6 12. Bxf6 Bxf6 13. Nf3 Bxc3 14. bxc3 Na6 15. Nd2 Nc5 {0-1 (69) Cvitan,E (2082)-Nikolic,E (2117) Mali Losinj 2016}) 12. Nf3 Nc5 13. Nd2 {E92: King's Indian: Classical: 6 Be2 e5: 7 dxe5, 7 Be3 and Petrosian System without 7...Nbd7} h6 14. Bxf6 Bxf6 15. f3 $146 {White has an edge.} (15. Kc2 a5 16. Rhe1 Kg7 17. Bf1 Bd4 18. f3 a4 19. b4 axb3+ 20. Nxb3 Bf2 21. Re2 Bg1 22. g3 Nxb3 23. axb3 Bc5 24. Ree1 Bf2 25. Re2 Bc5 26. Ree1 Bf2 {½-½ (26) Hernandez,C (2323)-Fernandez Cardoso,A (2403) Sant Adria de Besos 2018}) 15... Bxc3 16. bxc3 f5 $1 17. Nb3 Na4 {The position is equal.} 18. Kc2 fxe4 19. fxe4 Bf5 20. exf5 Rxe2+ {[%mdl 64] [#] Double Attack} 21. Rd2 Rxd2+ 22. Kxd2 gxf5 $11 {[%mdl 4096] Endgame KRN-KRN} 23. Re1 Kf7 24. Nd4 Rg8 25. g3 Rg5 26. Kc2 Nb6 27. Rb1 {Strongly threatening c5.} f4 28. Rf1 Nxc4 {[#] ...Ne3+ is the strong threat.} 29. Rxf4+ Kg8 $1 30. Ne6 Re5 31. Rg4+ Kf7 {Threatens to win with ...Ne3+.} 32. Nd8+ Ke8 {And now ...Ne3+ would win.} 33. Rg8+ Kd7 $1 34. Nf7 Rf5 35. Nxh6 Rf2+ 36. Kd3 Nb2+ 37. Ke4 Rxh2 38. Rg7+ Ke6 39. Ng4 Re2+ 40. Kf3 Rc2 41. Rxb7 Rxc3+ 42. Kg2 Rc2+ 43. Kf3 a5 44. Ne3 Rd2 45. Nf1 Rc2 46. Ne3 {Accuracy: White = 79%, Black = 83%.} 1/2-1/2

[Event "Fagernes GM-A 2019"]
[Site "Fagernes"]
[Date "2019.04.16"]
[Round "3.12"]
[White "Ingebretsen, Jens E"]
[Black "Abdrlauf, Elham"]
[Result "0-1"]
[WhiteElo "2300"]
[BlackElo "2123"]
[Annotator "ChessBase"]
[PlyCount "72"]
[EventDate "2019.04.14"]
[EventType "tourn"]
[EventCountry "NOR"]
[SourceTitle "playchess.com"]
[Source "ChessBase"]
[SourceQuality "1"]
[TimeControl "40/7200:3600"]

1. c4 {[%emt 0:02:28]} b6 {[%emt 0:00:05]} 2. d4 {[%emt 0:00:43]} e6 {[%emt 0:00:40]} 3. Nc3 {[%emt 0:00:23]} Bb7 {[%emt 0:00:29]} 4. d5 {[%emt 0:00:20]} exd5 {[%emt 0:06:36]} 5. cxd5 {[%emt 0:00:45]} Nf6 {[%emt 0:00:20]} 6. e4 {[%emt 0:03:21]} Bc5 {[%emt 0:01:01]} 7. Bd3 {[%emt 0:02:40]} O-O {[%emt 0:01:31]} 8. Nf3 {[%emt 0:01:28]} d6 {[%emt 0:05:56]} 9. Bg5 {[%emt 0:02:26]} h6 {[%emt 0:05:23]} 10. Bh4 {[%emt 0:00:36]} Re8 {[%emt 0:04:11]} 11. O-O {[%emt 0:01:42]} c6 {[%emt 0:04:07]} 12. Qd2 {[%emt 0:08:31]} Bb4 {[%emt 0:08:08]} 13. Rfe1 {[%emt 0:11:32]} Nbd7 {[%emt 0:02:47]} 14. Qf4 {[%emt 0:08:18]} Ne5 {[%emt 0:05:31]} 15. Nxe5 {[%emt 0:04:04]} dxe5 {[%emt 0:00:13]} 16. Qf5 {[%emt 0:02:51]} g5 {[%emt 0:07:43]} 17. Bg3 {[%emt 0:04:53]} Bc8 {[%emt 0:00:12]} 18. Qf3 {[%emt 0:00:24]} Bg4 {[%emt 0:00:38]} 19. Qe3 {[%emt 0:00:12]} Qd6 {[%emt 0:06:23]} 20. h4 {[%emt 0:04:21]} Nh5 {[%emt 0:00:00]} 21. Bc4 {[%emt 0:00:00]} Bc5 {[%emt 0:00:00]} 22. Qd3 {[%emt 0:00:00]} b5 {[%emt 0:00:00]} 23. Bb3 {[%emt 0:00:00]} Rad8 {[%emt 0:00:00]} 24. Bd1 {[%emt 0:00:00]} Bxd1 {[%emt 0:00:00]} 25. Raxd1 {[%emt 0:00:00]} Qf6 {[%emt 0:00:00]} 26. hxg5 {[%emt 0:00:00]} hxg5 {[%emt 0:00:00]} 27. Rc1 {[%emt 0:00:00]} Bb6 {[%emt 0:00:00]} 28. a3 {[%emt 0:00:00]} Kg7 {[%emt 0:00:00]} 29. Kf1 {[%emt 0:00:00]} Rh8 {[%emt 0:12:47]} 30. Qf3 {[%emt 0:18:55]} Qxf3 {[%emt 0:00:00]} 31. gxf3 {[%emt 0:00:00]} Nxg3+ {[%emt 0:00:00]} 32. fxg3 {[%emt 0:00:00]} Rh2 {[%emt 0:00:43]} 33. Nd1 {[%emt 0:04:39]} cxd5 {[%emt 0:00:00]} 34. f4 {[%emt 0:00:00]} dxe4 {[%emt 0:02:04]} 35. Rxe4 {[%emt 0:09:39]} Rdd2 {[%emt 0:00:19]} 36. Ke1 {[%emt 0:00:45]} Rdg2 {[%emt 0:00:32]} 0-1

[Event "Fagernes GM-A 2019"]
[Site "Fagernes"]
[Date "2019.04.16"]
[Round "3.13"]
[White "Skotheim, Andreas"]
[Black "Hobber, Anders"]
[Result "0-1"]
[WhiteElo "2182"]
[BlackElo "2295"]
[Annotator "NA"]
[PlyCount "118"]
[EventDate "2019.04.14"]
[EventType "tourn"]
[EventCountry "NOR"]
[SourceTitle "playchess.com"]
[Source "ChessBase"]
[SourceQuality "1"]
[TimeControl "40/7200:3600"]

1. c4 {[%emt 0:00:11]} c6 {[%emt 0:00:13]} 2. e4 {[%emt 0:00:55]} d5 {[%emt 0:02:30]} 3. exd5 {[%emt 0:00:20]} Nf6 {[%emt 0:01:46]} 4. d4 {[%emt 0:00:39]} cxd5 {[%emt 0:00:35]} 5. Nc3 {[%emt 0:00:27]} Nc6 {[%emt 0:02:55]} 6. Bg5 {[%emt 0:01:15]} e6 {[%emt 0:04:53]} 7. Nf3 {[%emt 0:02:15]} Be7 {[%emt 0:01:52]} 8. a3 {[%emt 0:11:24]} dxc4 {[%emt 0:07:34]} 9. Bxc4 {[%emt 0:00:44]} O-O {[%emt 0:00:06]} 10. O-O {[%emt 0:00:52]} b6 {[%emt 0:04:05]} 11. Qd3 {[%emt 0:08:56]} Bb7 {[%emt 0:01:41]} 12. Rfe1 {[%emt 0:01:58]} Rc8 {[%emt 0:08:02] E57: Nimzo-Indian: Rubinstein: Main Line: 7...Nc6 8 a3 dxc4 9 Bxc4 cxd4} (12... h6 13. Bxf6 Bxf6 14. Rad1 Ne7 15. Ne4 Nf5 16. Ba2 Re8 17. Bb1 g6 18. g4 Nh4 19. Nxh4 Bxh4 20. Qe3 {0-1 (44) Short,N (2655)-Vallejo Pons,F (2700) Madrid 2016}) 13. Rad1 {[%emt 0:03:29]} Nd5 {[%emt 0:25:04]} 14. Bc1 {[%emt 0:06:34]} Nxc3 {[%emt 0:02:48]} 15. bxc3 {[%emt 0:00:16]} Na5 $146 {[%emt 0:01:57]} ({Predecessor:} 15... Bf6 16. Ba2 Ne7 17. Ng5 Ng6 18. Ne4 Be7 19. c4 Ba6 20. Bb2 Qc7 {½-½ (58) Klebel,M (2435)-Bachmayr,P (2280) Germany 1992}) 16. Ba2 {[%emt 0:01:00]} Bd5 {[%emt 0:03:52]} 17. Bb1 {[%emt 0:01:37]} f5 {[%emt 0:04:32]} 18. Ne5 {[%emt 0:11:06]} Nc4 {[%emt 0:03:59]} 19. Nxc4 {[%emt 0:04:17]} Bxc4 {[%emt 0:01:10]} 20. Qh3 {[%emt 0:00:36]} Bd5 {[%emt 0:14:22]} 21. Re3 {[%emt 0:06:45]} Bg5 {[%emt 0:01:45]} 22. Re5 {[%emt 0:06:47]} Bxc1 {[%emt 0:01:09]} 23. Rxc1 {[%emt 0:00:07]} Qg5 {[%emt 0:01:48]} 24. Re3 {[%emt 0:02:19]} Rf6 {[%emt 0:03:55]} 25. Ree1 {[%emt 0:04:03]} Rg6 {[%emt 0:02:06]} 26. g3 {[%emt 0:03:12]} Rh6 {[%emt 0:00:26]} 27. f4 {[%emt 0:03:18]} Qxf4 {[%emt 0:01:42]} 28. Qf1 {[%emt 0:01:19]} Qxf1+ {[%emt 0:04:13]} 29. Rxf1 {[%emt 0:00:09]} Rf6 {[%emt 0:01:23]} 30. Bd3 {[%emt 0:00:55]} Rf7 {[%emt 0:01:07]} 31. Ba6 {[%emt 0:00:52]} Rd8 $17 {[%emt 0:01:03]} 32. Kf2 {[%emt 0:03:25]} Rc7 {[%emt 0:00:47]} 33. Ke3 {[%emt 0:01:32]} Bc4 {[%emt 0:00:55]} 34. Bxc4 {[%emt 0:00:09]} Rxc4 {[%emt 0:00:01]} 35. Kd3 {[%emt 0:00:38]} b5 {[%emt 0:01:28]} 36. Rb1 {[%emt 0:00:48]} Rdc8 {[%emt 0:00:27]} 37. Rfc1 {[%emt 0:00:56]} a6 {[%emt 0:00:19]} 38. Rb4 {[%emt 0:00:48]} Rxb4 {[%emt 0:00:07]} 39. axb4 {[%emt 0:00:05]} g5 {[%emt 0:00:46]} 40. Re1 {[%emt 0:11:44]} Kf7 {[%emt 0:00:21]} 41. Re5 {[%emt 1:10:05]} Kf6 {[%emt 0:05:33]} 42. Kd2 {[%emt 0:00:00]} g4 {[%emt 0:10:31]} 43. Kd3 {[%emt 0:00:00]} h5 {[%emt 0:02:07]} 44. Re2 {[%emt 0:00:00]} h4 {[%emt 0:07:10]} 45. Ra2 {[%emt 0:00:00]} hxg3 {[%emt 0:08:42]} 46. hxg3 {[%emt 0:00:00]} Rc6 {[%emt 0:00:23]} 47. Rh2 {[%emt 0:00:00]} f4 {[%emt 0:00:54]} 48. Rf2 {[%emt 0:00:00]} f3 {[%emt 0:01:36]} 49. Rh2 {[%emt 0:00:00]} Rc7 {[%emt 0:04:12]} 50. Rh8 {[%emt 0:00:00]} Rf7 {[%emt 0:03:09]} 51. Rh2 {[%emt 0:00:00]} Kg6 {[%emt 0:02:09]} 52. Ke3 {[%emt 0:00:00]} Rh7 {[%emt 0:01:00]} 53. Ra2 {[%emt 0:00:00]} Kf5 {[%emt 0:03:28]} 54. c4 {[%emt 0:00:00]} bxc4 {[%emt 0:00:23]} 55. Ra5+ {[%emt 0:00:00]} Kf6 {[%emt 0:00:08]} 56. Rxa6 {[%emt 0:00:00]} Rc7 {[%emt 0:01:19]} 57. d5 {[%emt 0:00:00]} c3 {[%emt 0:00:43]} 58. Rxe6+ {[%emt 0:00:00]} Kf5 {[%emt 0:00:22]} 59. d6 {[%emt 0:00:00]} Kxe6 {[%emt 0:00:15]} 0-1

[Event "Fagernes GM-A 2019"]
[Site "Fagernes"]
[Date "2019.04.16"]
[Round "3.14"]
[White "Lindbol, Aleksander"]
[Black "Sisatto, Olli"]
[Result "1/2-1/2"]
[WhiteElo "2139"]
[BlackElo "2276"]
[Annotator "NA"]
[PlyCount "42"]
[EventDate "2019.04.14"]
[EventType "tourn"]
[EventCountry "NOR"]
[SourceTitle "playchess.com"]
[Source "ChessBase"]
[SourceQuality "1"]
[TimeControl "40/7200:3600"]

{[%evp 8,35,52,17,41,16,29,19,26,22,35,33,46,47,62,45,58,52,83,89,86,92,77,87,105,108,100,59,53,50]} 1. e4 {[%emt 0:00:09]} Nf6 {[%emt 0:00:36]} 2. e5 {[%emt 0:02:48]} Nd5 {[%emt 0:00:09]} 3. d4 {[%emt 0:13:20]} d6 {[%emt 0:01:15]} 4. exd6 {[%emt 0:00:40]} cxd6 {[%emt 0:01:36]} 5. Nf3 {[%emt 0:00:33]} g6 {[%emt 0:00:35]} 6. c4 {[%emt 0:02:07]} Nf6 {[%emt 0:00:28] LiveBook: 4 Games} 7. Nc3 {[%emt 0:01:49]} Bg7 {[%emt 0:00:40]} 8. Be2 {[%emt 0:02:05]} O-O {[%emt 0:00:20]} 9. d5 {[%emt 0:03:48]} Na6 {[%emt 0:13:30] E91: King's Indian: Classical: 6 Be2, unusual replies including 6...c5 and 6...Bg4} (9... Bg4 10. Bd2 Nbd7 11. O-O Rc8 12. b3 Nc5 13. h3 Bd7 14. Be3 a6 15. Bd4 e5 16. dxe6 Nxe6 17. Be3 {½-½ (28) Dziuba,M (2584)-Heberla,B (2558) Czech Republic 2018}) 10. O-O {[%emt 0:25:00]} Nc5 {[%emt 0:09:14]} 11. Be3 {[%emt 0:05:56]} Bd7 {[%emt 0:07:45]} 12. Nd4 $146 {[%emt 0:21:36]} ({Predecessor:} 12. Rc1 Ng4 13. Bd4 e6 14. Bxg7 Kxg7 15. dxe6 Bxe6 16. Qd4+ Nf6 17. Rfd1 {1-0 (29) Bykov,A (2016)-Semenova,A (1843) Voronezh 2011}) 12... Nfe4 {[%emt 0:09:00]} 13. Nxe4 {[%emt 0:01:57]} Nxe4 {[%emt 0:00:17]} 14. Bf3 {[%emt 0:05:14]} Nc5 {[%emt 0:03:14]} 15. b4 {[%emt 0:02:02]} Na4 {[%emt 0:02:40]} 16. Rc1 {[%emt 0:02:22]} a5 {[%emt 0:04:48]} 17. b5 {[%emt 0:00:46]} Nc5 {[%emt 0:02:50]} 18. Nb3 $14 {[%emt 0:03:44]} Na4 {[%emt 0:08:36]} 19. Nd4 {[%emt 0:00:46]} Nc5 {[%emt 0:00:11]} 20. Nb3 {[%emt 0:00:42]} Na4 {[%emt 0:00:28]} 21. Nd4 {[%emt 0:00:12]} Nc5 {[%emt 0:00:22]} 1/2-1/2

[Event "Fagernes GM-A 2019"]
[Site "Fagernes"]
[Date "2019.04.16"]
[Round "3.15"]
[White "Machlik, Edit"]
[Black "Gullaksen, Eirik"]
[Result "0-1"]
[WhiteElo "2109"]
[BlackElo "2324"]
[Annotator "TA"]
[PlyCount "80"]
[EventDate "2019.04.14"]
[EventType "tourn"]
[EventCountry "NOR"]
[SourceTitle "playchess.com"]
[Source "ChessBase"]
[SourceQuality "1"]

{[%evp 19,80,0,0,-16,-20,-6,-17,-25,0,0,0,0,15,6,31,8,28,33,21,12,44,23,23,31,22,0,3,3,22,15,109,104,110,105,108,109,95,83,56,69,147,0,-4,0,8,-10,-10,-17,-10,-12,-12,-22,-12,-48,0,-84,-92,-95,-110,-90,-95,-606,-617]} 1. d4 Nf6 2. c4 c5 3. d5 b5 4. Qc2 bxc4 5. e4 e6 (5... d6 6. Bxc4 g6 7. Nc3 Bg7 8. Nf3 Nbd7 9. h3 O-O 10. O-O Rb8 11. Re1 Nh5 12. Be2 Ne5 13. Nxe5 Bxe5 14. Bxh5 gxh5 15. Bh6 Re8 16. Qd2 Kh8 17. Bf4 Bd4 18. Be3 {0-1 (63) Dreev,A (2644)-Perunovic,M (2622) Berlin 2015}) 6. Bxc4 {A57: Benko/Volga Gambit} exd5 7. exd5 d6 8. Nc3 Be7 9. Nge2 O-O 10. O-O Nbd7 {LiveBook: 16 Games} 11. a3 Nb6 12. Ba2 Re8 13. b4 $146 ({Predecessor:} 13. Ng3) 13... cxb4 14. axb4 Bb7 {[%cal Rf6d5]} 15. Rd1 Rc8 {With the idea ...Nbxd5!} 16. Qd3 g6 17. Bb3 a6 $1 18. h3 Bf8 19. Bg5 $36 {[%cal Bc1g5,Bg5h4,Bh4g3,Bg3f4,Bf4e3][%mdl 2080] White has some pressure.} h6 (19... Re5 $5 {[%cal Re5g5]} 20. f4 Re8 $14) 20. Bh4 Bg7 21. Rac1 Qd7 22. Bg3 Rc7 23. Bf4 {White wants to play Be3.} Qe7 24. Nd4 Nh5 (24... Bxd5 $6 25. Qxa6 Bxb3 26. Nxb3 $16) (24... Nfxd5 $11 25. Nf5 gxf5 26. Nxd5 Bxd5 27. Bxd5 Nxd5 28. Qxd5 Rxc1 29. Rxc1 Qe4 30. Qxe4 (30. Qxd6 Bf8 $11) 30... fxe4) 25. Be3 $16 {[#] aiming for Nc6.} Nd7 26. Nc6 Qh4 27. Ne2 {Black must now prevent Rc4.} Ne5 28. Nxe5 Rxc1 29. Rxc1 Bxe5 ({Better is} 29... Rxe5 $14 30. Rc4 Qe7) 30. Qc4 $2 {[#]} ({Don't play} 30. Bxh6 Qxb4 31. Rb1 Rc8 $14) ({White should try} 30. Ba4 $16 Re7 31. Rc4) 30... Qxc4 $11 31. Bxc4 Nf6 32. Rd1 Kg7 33. Kf1 Rc8 34. Bb3 Ne4 35. Bd4 Bxd4 36. Nxd4 Rc3 37. Ba4 (37. f3 $11 {keeps the balance.} Nf6 38. Ke1) 37... Bxd5 $17 38. Nf5+ gxf5 39. Rxd5 Rc1+ 40. Bd1 $2 {[%mdl 8192]} (40. Rd1 $17 Rc4 41. Bd7) 40... Nc3 $1 {[%csl LRd1,LRd5] Precision: White = 46%, Black = 53%.} 0-1

[Event "Fagernes GM-A 2019"]
[Site "Fagernes"]
[Date "2019.04.16"]
[Round "3.16"]
[White "Dahl, Trygve"]
[Black "Isha Sharma"]
[Result "0-1"]
[WhiteElo "2275"]
[BlackElo "1989"]
[Annotator "NA"]
[PlyCount "88"]
[EventDate "2019.04.14"]
[EventType "tourn"]
[EventCountry "NOR"]
[SourceTitle "playchess.com"]
[Source "ChessBase"]
[SourceQuality "1"]
[TimeControl "40/7200:3600"]

1. e4 {[%emt 0:00:02]} c5 {[%emt 0:01:19]} 2. Nf3 {[%emt 0:00:07]} e6 {[%emt 0:00:07]} 3. g3 {[%emt 0:01:02]} Nc6 {[%emt 0:00:45]} 4. Bg2 {[%emt 0:00:15]} Nf6 {[%emt 0:00:11]} 5. d3 {[%emt 0:01:06]} g6 {[%emt 0:03:50]} (5... d5 6. Nbd2 Be7 7. O-O O-O 8. Re1 b5 9. a4 b4 10. e5 Nd7 11. Nf1 b3 12. c4 dxc4 13. dxc4 Rb8 14. Bd2 Qc7 15. Bc3 Rd8 16. N1d2 Bb7 17. Qe2 Ba8 {1-0 (57) Malakhov,V (2654)-Salgado Lopez,I (2624) Germany 2019}) 6. O-O {[%emt 0:07:46] B40: Sicilian: 2...e6, Unusual lines} Bg7 {[%emt 0:00:36]} 7. Re1 {[%emt 0:01:28]} d6 {[%emt 0:03:18]} 8. c3 {[%emt 0:03:07]} e5 {[%emt 0:00:29]} 9. h3 {[%emt 0:02:24]} O-O {[%emt 0:01:10]} 10. d4 {[%emt 0:01:47]} cxd4 {[%emt 0:08:47]} 11. cxd4 {[%emt 0:00:06]} Qb6 {[%emt 0:00:09]} 12. d5 {[%emt 0:04:00]} Ne7 {[%emt 0:00:50]} 13. Nc3 {[%emt 0:07:00]} Ne8 $146 {[%emt 0:04:21]} ({Predecessor:} 13... Bd7 14. Re2 {1-0 (41) Senlle Caride,M (2179)-Gandio Garcia,O Ourense 2007}) 14. Nd2 {[%emt 0:00:50]} f5 {[%emt 0:01:31]} 15. Nc4 {[%emt 0:11:19]} Qc5 {[%emt 0:04:55]} 16. b3 {[%emt 0:02:03]} b5 {[%emt 0:08:02]} 17. Be3 {[%emt 0:02:14]} Qb4 {[%emt 0:00:15]} 18. a3 {[%emt 0:00:04]} Qxc3 {[%emt 0:00:11]} 19. Rc1 {[%emt 0:00:05]} Qxc1 {[%emt 0:00:13]} 20. Qxc1 {[%emt 0:03:06]} bxc4 {[%emt 0:00:06]} 21. bxc4 {[%emt 0:00:03]} fxe4 {[%emt 0:04:03]} 22. c5 {[%emt 0:04:52]} Nxd5 {[%emt 0:02:26]} 23. cxd6 {[%emt 0:02:36]} Nxe3 {[%emt 0:04:49]} 24. Qc6 {[%emt 0:18:52]} Nxg2 {[%emt 0:11:17]} 25. Rb1 {[%emt 0:01:28]} Bxh3 {[%emt 0:31:22]} 26. Qxa8 {[%emt 0:01:29]} e3 {[%emt 0:00:24]} 27. fxe3 {[%emt 0:07:30]} Nxd6 {[%emt 0:02:52]} 28. Qxa7 {[%emt 0:09:36]} Bh6 {[%emt 0:01:44]} 29. Kh2 {[%emt 0:00:22]} Bf5 {[%emt 0:00:19]} 30. Rb8 {[%emt 0:02:06]} Nxe3 {[%emt 0:03:12]} 31. Rxf8+ {[%emt 0:00:28]} Kxf8 $19 {[%emt 0:00:08]} 32. Qb8+ {[%emt 0:01:28]} Ke7 {[%emt 0:00:06]} 33. Qc7+ {[%emt 0:00:32]} Bd7 {[%emt 0:01:30]} 34. a4 {[%emt 0:00:44]} Nd5 {[%emt 0:00:42]} 35. Qa5 {[%emt 0:03:56]} Ke6 {[%emt 0:00:22]} 36. Qa8 {[%emt 0:00:48]} Ne7 {[%emt 0:01:10]} 37. a5 {[%emt 0:01:33]} Be3 {[%emt 0:00:36]} 38. Qb8 {[%emt 0:00:37]} Nb5 {[%emt 0:01:04]} 39. a6 {[%emt 0:01:47]} h5 {[%emt 0:00:33]} 40. Qd8 {[%emt 0:01:31]} Ba7 {[%emt 0:00:48]} 41. Qa5 {[%emt 1:00:59]} e4 {[%emt 1:00:54]} 42. Qa2+ {[%emt 0:01:19]} Nd5 {[%emt 0:00:08]} 43. Qc2 {[%emt 0:00:10]} Ke5 {[%emt 0:00:29]} 44. Qb2+ {[%emt 0:01:04]} Bd4 {[%emt 0:00:08]} 0-1

[Event "Fagernes GM-A 2019"]
[Site "Fagernes"]
[Date "2019.04.16"]
[Round "3.17"]
[White "Bjerke, Richard"]
[Black "Bentsen, Hakon"]
[Result "1/2-1/2"]
[WhiteElo "2156"]
[BlackElo "2155"]
[Annotator "TA"]
[PlyCount "35"]
[EventDate "2019.04.14"]
[EventType "tourn"]
[EventCountry "NOR"]
[SourceTitle "playchess.com"]
[Source "ChessBase"]
[SourceQuality "1"]

{[%evp 23,27,4,27,20,12,8]} 1. d4 Nf6 2. c4 e6 3. Nf3 d5 4. Nc3 dxc4 5. e3 a6 6. a4 c5 7. Bxc4 Nc6 8. O-O Be7 9. Qe2 cxd4 10. Rd1 O-O 11. exd4 Nb4 12. Bg5 Nfd5 13. Bxe7 {D27: Queen's Gambit Accepted: Classical main line: 7 e4!? and 7 a4} (13. Nxd5 Nxd5 14. Bxe7 Nxe7 15. Ne5 Nd5 16. Ra3 Bd7 17. Qg4 Nf6 18. Qg5 h6 19. Qf4 Bxa4 20. Rdd3 Bc2 {0-1 (43) Smolen,J (2437)-Zilka,S (2520) Austria 2015}) 13... Nxe7 14. Ne5 {Predecessor:} Ned5 $146 15. Ra3 b6 16. Nxd5 exd5 17. Bd3 Nxd3 18. Qxd3 {½-½ (18) Zherebtsova,A (2243)-Kucza,K (2325) Krakow 2018} 1/2-1/2

[Event "Fagernes GM-A 2019"]
[Site "Fagernes"]
[Date "2019.04.16"]
[Round "3.18"]
[White "Holleland, Sigve"]
[Black "Nordquelle, Daniel"]
[Result "1-0"]
[WhiteElo "2024"]
[BlackElo "2264"]
[Annotator "NA"]
[PlyCount "87"]
[EventDate "2019.04.14"]
[EventType "tourn"]
[EventCountry "NOR"]
[SourceTitle "playchess.com"]
[Source "ChessBase"]
[SourceQuality "1"]
[TimeControl "40/7200:3600"]

1. d4 {[%emt 0:00:02]} f5 {[%emt 0:02:31]} 2. Bg5 {[%emt 0:02:07]} d5 {[%emt 0:03:45]} 3. e3 {[%emt 0:02:00]} Nd7 {[%emt 0:00:22]} 4. Bd3 {[%emt 0:00:26]} Ndf6 {[%emt 0:12:26]} 5. f3 {[%emt 0:07:22]} g6 {[%emt 0:08:22]} 6. c4 {[%emt 0:07:12]} c6 {[%emt 0:01:38]} 7. Nc3 {[%emt 0:06:28]} Bg7 {[%emt 0:00:49]} 8. Rc1 {[%emt 0:01:30]} a6 {[%emt 0:01:52]} 9. Nge2 {[%emt 0:01:49]} Nh6 {[%emt 0:04:45]} 10. cxd5 {[%emt 0:08:59]} cxd5 {[%emt 0:00:33]} 11. Nf4 {[%emt 0:05:49]} e6 {[%emt 0:00:56]} 12. Qa4+ {[%emt 0:00:21]} Kf8 {[%emt 0:01:30]} 13. Nb5 {[%emt 0:15:18]} Bd7 {[%emt 0:11:50]} 14. Qb4+ {[%emt 0:10:13]} Qe7 {[%emt 0:00:17]} 15. Nd6 {[%emt 0:03:36]} Rb8 {[%emt 0:16:09]} 16. Rc7 {[%emt 0:07:58]} Kg8 {[%emt 0:45:27]} 17. Qa3 {[%emt 0:03:53]} Nf7 {[%emt 0:01:20]} 18. Bxf6 {[%emt 0:18:22]} Bxf6 {[%emt 0:00:01]} 19. Rxb7 {[%emt 0:00:26]} Kg7 {[%emt 0:00:54]} 20. Nxf5+ {[%emt 0:02:41]} gxf5 {[%emt 0:00:48]} 21. Qxe7 {[%emt 0:01:04]} Bxe7 {[%emt 0:00:02]} 22. Rxd7 {[%emt 0:00:07]} Bb4+ {[%emt 0:00:12]} 23. Ke2 {[%emt 0:00:32]} Rhe8 {[%emt 0:00:15]} 24. Rc1 {[%emt 0:01:15]} Bd6 {[%emt 0:03:16]} 25. b3 {[%emt 0:01:00]} Bxf4 {[%emt 0:00:00]} 26. exf4 {[%emt 0:00:06]} Rec8 {[%emt 0:00:00]} 27. Rxc8 {[%emt 0:01:49]} Rxc8 {[%emt 0:00:00]} 28. Ra7 {[%emt 0:00:11]} Kf6 {[%emt 0:00:00]} 29. Rxa6 {[%emt 0:00:22]} Nd8 {[%emt 0:00:00]} 30. g4 {[%emt 0:01:52]} Nc6 {[%emt 0:00:00]} 31. Ke3 {[%emt 0:00:41]} Nb4 {[%emt 0:00:00]} 32. Rxe6+ {[%emt 0:00:34]} Kf7 {[%emt 0:00:00]} 33. Bxf5 {[%emt 0:00:29]} Rc3+ {[%emt 0:00:00]} 34. Kd2 {[%emt 0:01:36]} Rxf3 {[%emt 0:00:00]} 35. a3 {[%emt 0:00:10]} Na2 {[%emt 0:00:00]} 36. Re2 {[%emt 0:00:29]} Rxb3 {[%emt 0:00:00]} 37. Be6+ {[%emt 0:00:07]} Kf6 {[%emt 0:00:00]} 38. Bxd5 {[%emt 0:00:03]} Rb2+ {[%emt 0:00:00]} 39. Ke3 {[%emt 0:00:16]} Rxe2+ {[%emt 0:00:00]} 40. Kxe2 {[%emt 0:00:01]} Nc3+ {[%emt 0:00:00]} 41. Kf3 {[%emt 1:00:20]} Nxd5 {[%emt 0:59:53]} 42. a4 {[%emt 0:00:03]} Nb4 {[%emt 0:00:00]} 43. Ke4 {[%emt 0:00:00]} Ke6 {[%emt 0:00:00]} 44. g5 {[%emt 0:00:00]} 1-0